Soils and soil management (Record no. 19396)

MARC details
000 -LEADER
fixed length control field 00402nam a2200145Ia 4500
082 ## - DEWEY DECIMAL CLASSIFICATION NUMBER
Classification number 631.4
Item number GUS
100 ## - MAIN ENTRY--AUTHOR NAME
Personal name GUSTAFSON, A F
245 #0 - TITLE STATEMENT
Title Soils and soil management
260 ## - PUBLICATION, DISTRIBUTION, ETC. (IMPRINT)
Place of publication New York
Name of publisher McGraw Hill
Year of publication 1941
490 ## - SERIES STATEMENT
Series statement McGraw hill publications in the agricultural sciences
650 ## - SUBJECT ADDED ENTRY--TOPICAL TERM
Topical Term Commercial fertilizers
650 ## - SUBJECT ADDED ENTRY--TOPICAL TERM
Topical Term Soils
942 ## - ADDED ENTRY ELEMENTS (KOHA)
Koha item type Books
Holdings
Withdrawn status Lost status Damaged status Not for loan Home library Current library Date acquired Full call number Accession Number Koha item type
        RRII Library RRII Library 16/12/2021 631.4 GUS 00132 Books